Tìm hiểu các tội xâm phạm chế độ hôn nhân-gia đình và các tội phạm đối với người chưa thành niên Biên soạn theo Bộ luật hình sự 1999 và những tài liệu mới nhất

Saved in:
Bibliographic Details
Main Author: Nguyễn, Ngọc Điệp
Format: Book
Language:Undetermined
Published: Hà Nội Phụ nữ 1999
Subjects:
Tags: Add Tag
No Tags, Be the first to tag this record!
Institutions: Trung tâm Học liệu Trường Đại học Cần Thơ
LEADER 00806nam a2200205Ia 4500
001 CTU_37563
008 210402s9999 xx 000 0 und d
020 |b 31.000đ 
082 |a 345.597016 
082 |b Đ307 
100 |a Nguyễn, Ngọc Điệp 
245 0 |a Tìm hiểu các tội xâm phạm chế độ hôn nhân-gia đình và các tội phạm đối với người chưa thành niên 
245 0 |b Biên soạn theo Bộ luật hình sự 1999 và những tài liệu mới nhất 
245 0 |c Nguyễn Ngọc Điệp 
260 |a Hà Nội 
260 |b Phụ nữ 
260 |c 1999 
650 |a Criminal law,Family 
904 |i Nguyễn Quang Điền, 000803 
980 |a Trung tâm Học liệu Trường Đại học Cần Thơ